LDR 01329naa#a2200289#i#450# 001 RU\\bibl\126200 005 20260702012843.4 011 ## _a1681-1208 100 ## _a20260701b2026####ek#y0rusy0150####ca 101 0# _aENG 102 ## _aRU 200 1# _aLong-Term Earthquake Prediction by S. A. Fedotov for the Kuril–Kamchatka Arc and the Kamchatka Megathrust Earthquake of July 29, 2025. Review _eЖурнальная статья 210 1# _aМосква _cГеофизический центр Российской Академии Наук _d2026 215 ## _a0 с. 606 ## _aНауки о Земле. 05.00.00 _2local 608 ## _aЖурнальная статья _2local 675 ## _aГеология. Геологические и геофизические науки. 55 _zENG 686 ## _aНауки о Земле. 26 _2bbk 686 ## _aНауки о Земле. Экология. 63 _2tbk 686 ## _aГЕОФИЗИКА. 37.00 _2grnti 686 ## _aГЕОЛОГИЯ. 38.00 _2grnti 700 #1 _aГвишиани _gАлексей Джерменович 700 #1 _aГлико _gАлександр Олегович 700 #1 _aДзебоев _gБорис Аркадьевич 700 #1 _aДзеранов _gБорис Витальевич 700 #1 _aКедров _gЭрнест Олегович 856 4# _arjes.ru _u